| 000 | 00418cam a2200157ua 4500 | ||
|---|---|---|---|
| 041 |
_aeng _h |
||
| 082 |
_a930 _bBRE/BU |
||
| 100 | _aBrendon, J.A . | ||
| 245 |
_aBuilding of the Modern World, part 4 Since 1789 / _cJ.A.Brendon. _hTextual Documents |
||
| 260 |
_aLondon : _bEdward Arnold publishers Ltd , _c1956. |
||
| 300 | _a224 ; . | ||
| 504 | _a | ||
| 700 | 1 | _aHist.S, F.R . | |
| 942 | _cBK | ||
| 999 |
_c1249 _d1249 |
||